<?xml version="1.0" encoding="UTF-8"?>
<record
    xmlns:xsi="http://www.w3.org/2001/XMLSchema-instance"
    xsi:schemaLocation="http://www.loc.gov/MARC21/slim http://www.loc.gov/standards/marcxml/schema/MARC21slim.xsd"
    xmlns="http://www.loc.gov/MARC21/slim">

  <leader>03005nam a22005057a 4500</leader>
  <controlfield tag="003">dpl</controlfield>
  <controlfield tag="005">2008092907507.0</controlfield>
  <controlfield tag="007">DVD</controlfield>
  <controlfield tag="008">080917t        xxu||||| |||| 00| 0 eng d</controlfield>
  <datafield tag="010" ind1=" " ind2=" ">
    <subfield code="a">DVD-007540-548</subfield>
  </datafield>
  <datafield tag="024" ind1=" " ind2=" ">
    <subfield code="2">DHIF 2283S</subfield>
    <subfield code="c">149.00</subfield>
  </datafield>
  <datafield tag="035" ind1=" " ind2=" ">
    <subfield code="a">DVD-007540-548</subfield>
  </datafield>
  <datafield tag="035" ind1=" " ind2=" ">
    <subfield code="a">DVD-004656-4661</subfield>
  </datafield>
  <datafield tag="037" ind1=" " ind2=" ">
    <subfield code="b">Pioneer Office Automation</subfield>
  </datafield>
  <datafield tag="040" ind1=" " ind2=" ">
    <subfield code="a">DPL</subfield>
    <subfield code="c">DPL</subfield>
  </datafield>
  <datafield tag="082" ind1=" " ind2=" ">
    <subfield code="a">DVD / LAHO</subfield>
  </datafield>
  <datafield tag="245" ind1=" " ind2=" ">
    <subfield code="a">Lahore</subfield>
    <subfield code="c">A Sanjay Puran Singh Films</subfield>
    <subfield code="h">[Videorecording] DVD /</subfield>
    <subfield code="b">beyond borders, between nations lies a battle to end all wars</subfield>
  </datafield>
  <datafield tag="260" ind1=" " ind2=" ">
    <subfield code="a">New Delhi</subfield>
    <subfield code="b">Moser Baer India Ltd.</subfield>
    <subfield code="c">2010</subfield>
  </datafield>
  <datafield tag="300" ind1=" " ind2=" ">
    <subfield code="a">1 Videodisc DVD:</subfield>
    <subfield code="b">sd., col.;</subfield>
    <subfield code="c">4 3/4 in.</subfield>
    <subfield code="f">DVD</subfield>
  </datafield>
  <datafield tag="440" ind1=" " ind2=" ">
    <subfield code="a">Moser Baer India Ltd.</subfield>
    <subfield code="9">33092</subfield>
  </datafield>
  <datafield tag="538" ind1=" " ind2=" ">
    <subfield code="a">Lanuage, Hindi; Subtitle, English, </subfield>
  </datafield>
  <datafield tag="538" ind1=" " ind2=" ">
    <subfield code="a">English Subtitles; </subfield>
  </datafield>
  <datafield tag="538" ind1=" " ind2=" ">
    <subfield code="a">DVD players, 5.1 Digital sound; ; NTSC All Region</subfield>
  </datafield>
  <datafield tag="650" ind1=" " ind2=" ">
    <subfield code="a"> Motion Picture</subfield>
    <subfield code="9">33093</subfield>
  </datafield>
  <datafield tag="700" ind1=" " ind2=" ">
    <subfield code="a">Aanahad</subfield>
    <subfield code="9">33094</subfield>
  </datafield>
  <datafield tag="700" ind1=" " ind2=" ">
    <subfield code="a">Farougue Shaikh</subfield>
    <subfield code="9">33095</subfield>
  </datafield>
  <datafield tag="700" ind1=" " ind2=" ">
    <subfield code="a">Sushant Singh</subfield>
    <subfield code="9">33096</subfield>
  </datafield>
  <datafield tag="700" ind1=" " ind2=" ">
    <subfield code="a">Nirmal Pandey</subfield>
    <subfield code="9">33097</subfield>
  </datafield>
  <datafield tag="700" ind1=" " ind2=" ">
    <subfield code="a">Ashish Vidyarthi</subfield>
    <subfield code="9">33098</subfield>
  </datafield>
  <datafield tag="700" ind1=" " ind2=" ">
    <subfield code="a">Dorji, Keely</subfield>
    <subfield code="9">33099</subfield>
  </datafield>
  <datafield tag="700" ind1=" " ind2=" ">
    <subfield code="a">Ali, Nafisa</subfield>
    <subfield code="9">33100</subfield>
  </datafield>
  <datafield tag="700" ind1=" " ind2=" ">
    <subfield code="a">Mukesh Rishi</subfield>
    <subfield code="9">33101</subfield>
  </datafield>
  <datafield tag="700" ind1=" " ind2=" ">
    <subfield code="a">Khatkar, Vivek</subfield>
    <subfield code="9">33105</subfield>
  </datafield>
  <datafield tag="942" ind1=" " ind2=" ">
    <subfield code="2">ddc</subfield>
    <subfield code="c">CF</subfield>
    <subfield code="h">DVD </subfield>
    <subfield code="m">LAHO</subfield>
  </datafield>
  <datafield tag="999" ind1=" " ind2=" ">
    <subfield code="c">55638</subfield>
    <subfield code="d">55638</subfield>
  </datafield>
  <datafield tag="952" ind1=" " ind2=" ">
    <subfield code="0">0</subfield>
    <subfield code="1">0</subfield>
    <subfield code="2">ddc</subfield>
    <subfield code="4">0</subfield>
    <subfield code="7">0</subfield>
    <subfield code="8">FIC</subfield>
    <subfield code="a">L</subfield>
    <subfield code="b">L</subfield>
    <subfield code="d">2011-08-18</subfield>
    <subfield code="e">pioneer/1226/28.3.11</subfield>
    <subfield code="g">149.00</subfield>
    <subfield code="l">10</subfield>
    <subfield code="o">DVD  LAHO</subfield>
    <subfield code="p">DVD-007540</subfield>
    <subfield code="r">2013-09-20 00:00:00</subfield>
    <subfield code="s">2013-09-07</subfield>
    <subfield code="t">1</subfield>
    <subfield code="v">149.00</subfield>
    <subfield code="w">2011-08-18</subfield>
    <subfield code="y">CF</subfield>
  </datafield>
  <datafield tag="952" ind1=" " ind2=" ">
    <subfield code="0">0</subfield>
    <subfield code="1">0</subfield>
    <subfield code="2">ddc</subfield>
    <subfield code="4">0</subfield>
    <subfield code="7">0</subfield>
    <subfield code="8">FIC</subfield>
    <subfield code="a">BL1</subfield>
    <subfield code="b">BL1</subfield>
    <subfield code="d">2011-08-18</subfield>
    <subfield code="e">pioneer/1226/28.3.11</subfield>
    <subfield code="g">149.00</subfield>
    <subfield code="l">11</subfield>
    <subfield code="m">1</subfield>
    <subfield code="o">DVD  LAHO</subfield>
    <subfield code="p">DVD-007541</subfield>
    <subfield code="r">2015-07-23 00:00:00</subfield>
    <subfield code="s">2013-08-14</subfield>
    <subfield code="t">1</subfield>
    <subfield code="v">149.00</subfield>
    <subfield code="w">2011-08-18</subfield>
    <subfield code="y">CF</subfield>
  </datafield>
  <datafield tag="952" ind1=" " ind2=" ">
    <subfield code="0">0</subfield>
    <subfield code="1">0</subfield>
    <subfield code="2">ddc</subfield>
    <subfield code="4">0</subfield>
    <subfield code="7">0</subfield>
    <subfield code="8">FIC</subfield>
    <subfield code="a">JP</subfield>
    <subfield code="b">JP</subfield>
    <subfield code="d">2011-08-18</subfield>
    <subfield code="e">pioneer/1226/28.3.11</subfield>
    <subfield code="g">149.00</subfield>
    <subfield code="l">11</subfield>
    <subfield code="m">2</subfield>
    <subfield code="o">DVD  LAHO</subfield>
    <subfield code="p">DVD-007542</subfield>
    <subfield code="r">2013-04-27 00:00:00</subfield>
    <subfield code="s">2013-04-20</subfield>
    <subfield code="t">1</subfield>
    <subfield code="v">149.00</subfield>
    <subfield code="w">2011-08-18</subfield>
    <subfield code="y">CF</subfield>
  </datafield>
  <datafield tag="952" ind1=" " ind2=" ">
    <subfield code="0">0</subfield>
    <subfield code="1">0</subfield>
    <subfield code="2">ddc</subfield>
    <subfield code="4">0</subfield>
    <subfield code="7">0</subfield>
    <subfield code="8">FIC</subfield>
    <subfield code="a">ZLS</subfield>
    <subfield code="b">ZLS</subfield>
    <subfield code="d">2011-08-18</subfield>
    <subfield code="e">pioneer/1226/28.3.11</subfield>
    <subfield code="g">149.00</subfield>
    <subfield code="l">21</subfield>
    <subfield code="m">1</subfield>
    <subfield code="o">DVD  LAHO</subfield>
    <subfield code="p">DVD-007543</subfield>
    <subfield code="r">2015-08-20 00:00:00</subfield>
    <subfield code="s">2015-08-20</subfield>
    <subfield code="t">1</subfield>
    <subfield code="v">149.00</subfield>
    <subfield code="w">2011-08-18</subfield>
    <subfield code="y">CF</subfield>
  </datafield>
  <datafield tag="952" ind1=" " ind2=" ">
    <subfield code="0">0</subfield>
    <subfield code="1">0</subfield>
    <subfield code="2">ddc</subfield>
    <subfield code="4">0</subfield>
    <subfield code="7">0</subfield>
    <subfield code="8">FIC</subfield>
    <subfield code="a">RKP</subfield>
    <subfield code="b">RKP</subfield>
    <subfield code="d">2011-08-18</subfield>
    <subfield code="e">pioneer/1226/28.3.11</subfield>
    <subfield code="g">149.00</subfield>
    <subfield code="l">2</subfield>
    <subfield code="o">DVD  LAHO</subfield>
    <subfield code="p">DVD-007544</subfield>
    <subfield code="r">2014-03-19 00:00:00</subfield>
    <subfield code="s">2014-03-15</subfield>
    <subfield code="t">1</subfield>
    <subfield code="v">149.00</subfield>
    <subfield code="w">2011-08-18</subfield>
    <subfield code="y">CF</subfield>
  </datafield>
  <datafield tag="952" ind1=" " ind2=" ">
    <subfield code="0">0</subfield>
    <subfield code="1">0</subfield>
    <subfield code="2">ddc</subfield>
    <subfield code="4">0</subfield>
    <subfield code="7">0</subfield>
    <subfield code="8">FIC</subfield>
    <subfield code="a">VP</subfield>
    <subfield code="b">VP</subfield>
    <subfield code="d">2011-08-18</subfield>
    <subfield code="e">pioneer/1226/28.3.11</subfield>
    <subfield code="g">149.00</subfield>
    <subfield code="l">6</subfield>
    <subfield code="o">DVD  LAHO</subfield>
    <subfield code="p">DVD-007545</subfield>
    <subfield code="r">2015-08-25 00:00:00</subfield>
    <subfield code="s">2015-08-22</subfield>
    <subfield code="t">1</subfield>
    <subfield code="v">149.00</subfield>
    <subfield code="w">2011-08-18</subfield>
    <subfield code="y">CF</subfield>
  </datafield>
  <datafield tag="952" ind1=" " ind2=" ">
    <subfield code="0">0</subfield>
    <subfield code="1">0</subfield>
    <subfield code="2">ddc</subfield>
    <subfield code="4">0</subfield>
    <subfield code="7">0</subfield>
    <subfield code="8">FIC</subfield>
    <subfield code="a">BL3</subfield>
    <subfield code="b">BL3</subfield>
    <subfield code="d">2011-08-18</subfield>
    <subfield code="e">pioneer/1226/28.3.11</subfield>
    <subfield code="g">149.00</subfield>
    <subfield code="l">7</subfield>
    <subfield code="o">DVD  LAHO</subfield>
    <subfield code="p">DVD-007546</subfield>
    <subfield code="r">2014-12-02 00:00:00</subfield>
    <subfield code="s">2014-11-17</subfield>
    <subfield code="t">1</subfield>
    <subfield code="v">149.00</subfield>
    <subfield code="w">2011-08-18</subfield>
    <subfield code="y">CF</subfield>
  </datafield>
  <datafield tag="952" ind1=" " ind2=" ">
    <subfield code="0">0</subfield>
    <subfield code="1">0</subfield>
    <subfield code="2">ddc</subfield>
    <subfield code="4">0</subfield>
    <subfield code="7">0</subfield>
    <subfield code="8">FIC</subfield>
    <subfield code="a">NR</subfield>
    <subfield code="b">NR</subfield>
    <subfield code="d">2011-08-18</subfield>
    <subfield code="e">pioneer/1226/28.3.11</subfield>
    <subfield code="g">149.00</subfield>
    <subfield code="l">3</subfield>
    <subfield code="o">DVD  LAHO</subfield>
    <subfield code="p">DVD-007547</subfield>
    <subfield code="r">2014-05-24 00:00:00</subfield>
    <subfield code="s">2014-05-17</subfield>
    <subfield code="t">1</subfield>
    <subfield code="v">149.00</subfield>
    <subfield code="w">2011-08-18</subfield>
    <subfield code="y">CF</subfield>
  </datafield>
  <datafield tag="952" ind1=" " ind2=" ">
    <subfield code="0">0</subfield>
    <subfield code="1">0</subfield>
    <subfield code="2">ddc</subfield>
    <subfield code="4">0</subfield>
    <subfield code="7">0</subfield>
    <subfield code="8">FIC</subfield>
    <subfield code="a">BL4</subfield>
    <subfield code="b">BL4</subfield>
    <subfield code="d">2011-08-18</subfield>
    <subfield code="e">pioneer/1226/28.3.11</subfield>
    <subfield code="g">149.00</subfield>
    <subfield code="l">0</subfield>
    <subfield code="o">DVD  LAHO</subfield>
    <subfield code="p">DVD-007548</subfield>
    <subfield code="r">2011-08-18 00:00:00</subfield>
    <subfield code="t">1</subfield>
    <subfield code="v">149.00</subfield>
    <subfield code="w">2011-08-18</subfield>
    <subfield code="y">CF</subfield>
  </datafield>
</record>
